00000000nam 2200000zi 4500
0019.934256
003CaOODSP
00520250122101301
006m     o  d f      
007cr bn|||||||||
008240221e197606  onc     o    f000 0 eng d
040 |aCaOODSP|beng|erda|cCaOODSP
043 |an-cn---|aff-----|aaw-----
0861 |aId32-12/1976E-PDF
24502|aA study of the wood products market in North Africa and the Middle East.
264 1|aOttawa, Canada : |bPrimary Wood Products Division, Resource Industries and Construction Branch, Department of Industry, Trade and Commerce, |cJune 1976.
264 4|c©1976
300 |a1 online resource (70 pages)
336 |atext|btxt|2rdacontent
337 |acomputer|bc|2rdamedia
500 |aDigitized edition from print [produced by Innovation, Science and Economic Development Canada].
500 |aIssued also in French under title: Une Étude du marché des produits du bois en Afrique du Nord et au Moyen-Orient.
650 0|aForest products industry|zAfrica, North.
650 0|aForest products industry|zMiddle East.
650 0|aForest products industry|zCanada.
7101 |aCanada. |bDepartment of Industry, Trade and Commerce, |eissuing body.
77508|tUne étude du marché des produits du bois en Afrique du Nord et au Moyen-Orient.|w(CaOODSP)9.947236
85640|qPDF|s1.14 MB|uhttps://publications.gc.ca/collections/collection_2025/isde-ised/id32/Id32-12-1976-eng.pdf